Central Library OPAC University of Rajshahi

Investments : (Record no. 8132)

MARC details
000 -LEADER
fixed length control field 00806cam a22002657 4500
001 - CONTROL NUMBER
control field 8132
003 - CONTROL NUMBER IDENTIFIER
rucl marc code BD-RjUL
005 - DATE AND TIME OF LATEST TRANSACTION
control field 20211208234529.0
008 - FIXED-LENGTH DATA ELEMENTS--GENERAL INFORMATION
fixed length control field 140116s1966 nyua 001 0 eng
035 ## - SYSTEM CONTROL NUMBER
System control number (BD-RjUL)8177
040 ## - CATALOGING SOURCE
Original cataloging agency DLC
Transcribing agency CarP
Modifying agency DLC
Language of cataloging eng
041 ## - LANGUAGE CODE
Language code of text/sound track or separate title eng
082 ## - DEWEY DECIMAL CLASSIFICATION NUMBER
Classification number 332.678
Author mark and year BEL 1966
100 1# - MAIN ENTRY--PERSONAL NAME
Personal name Bellemore, Douglas Hamilton,
Dates associated with a name 1909- [from old catalog]
9 (RLIN) 25337
245 00 - TITLE STATEMENT
Title Investments :
Remainder of title principles, practices, and analysis /
Statement of responsibility, etc. Douglas Hamilton Bellemore.
250 ## - EDITION STATEMENT
Edition statement 2d ed.
260 ## - PUBLICATION, DISTRIBUTION, ETC. (IMPRINT)
Place of publication, distribution, etc. Chicago :
Name of publisher, distributor, etc. South-Western,
Date of publication, distribution, etc. c1966
300 ## - PHYSICAL DESCRIPTION
Pagination 898 p. :
Illustrations ill. ;
Size 24 cm.
504 ## - BIBLIOGRAPHY, ETC. NOTE
Bibliography, etc Includes Index.
650 #0 - SUBJECT ADDED ENTRY--TOPICAL TERM
Topical term or geographic name as entry element Investments.
9 (RLIN) 25338
Topical term or geographic name as entry element Securities.
9 (RLIN) 25339
Topical term or geographic name as entry element Investment analysis. [from old catalog]
9 (RLIN) 25340
942 ## - ADDED ENTRY ELEMENTS (KOHA)
Source of classification or shelving scheme Dewey Decimal Classification
Koha item type Books
Holdings
Lost status Source of classification or shelving scheme Damaged status Not for loan Collection code Permanent Location Current Location Shelving location Date acquired Source of acquisition Cost, normal purchase price Total Checkouts Full call number Date last seen Copy number Koha item type
  Dewey Decimal Classification   Not For Loan Non-fiction Central Library, University of Rajshahi Central Library, University of Rajshahi   25/10/1968 Zeitlinger 85.00   332.678 BEL 1966 16/01/2014 C-1 Books
  Dewey Decimal Classification     Non-fiction Central Library, University of Rajshahi Central Library, University of Rajshahi   25/10/1968 Zeitlinger 85.60   332.678 BEL 1966 25/06/2016 C-2 Books
  Dewey Decimal Classification     Non-fiction Central Library, University of Rajshahi Central Library, University of Rajshahi   30/12/1968 Zeitlinger 85.60   332.678 BEL 1966 25/06/2016 C-3 Books